Państwa Oceanii - nagła śmierć - Statystyki

Ogólne statystyki
  • Ten quiz został rozwiązany 3 436 razy
  • Średni wynik to 9 z 14
Answers on the Grid
Answers color-coded by a green-red scale on the quiz's grid according to % correct below.
Samoa
Amerykańskie
Australia
Brunei
Wyspy Cooka
Fidżi
Polinezja
Francuska
Guam
Kiribati
Wyspy
Marshalla
Mikronezja
Nauru
Nowa Kaledonia
Nowa Zelandia
Niue
Norfolk
Palau
Papua Nowa
Gwinea
Samoa
Wyspy
Salomona
Tasmania
Tonga
Tuvalu
Vanuatu
Wallis i Futuna
 
Statystyki odpowiedzi
Odpowiedź % Poprawnych
Australia
92%
Fidżi
75%
Nowa Zelandia
70%
Wyspy
Marshalla
66%
Kiribati
65%
Mikronezja
65%
Papua Nowa
Gwinea
65%
Tuvalu
65%
Vanuatu
64%
Nauru
62%
Palau
62%
Samoa
61%
Tonga
61%
Wyspy
Salomona
61%
Nie znaleziono quizów pasujących do podanych kryteriów
Rozkład punktacji
Procent ludzi z każdym wynikiem
Percentyl według liczby udzielonych odpowiedzi
Twoja historia wyników
Nie rozwiązałeś tego quizu